| 000 | 00746nam a2200229 a 4500 | ||
|---|---|---|---|
| 001 | 49765 | ||
| 003 | BD-RjUL | ||
| 005 | 20211209054727.0 | ||
| 008 | 160822s1962 nyua b 001 0 eng | ||
| 035 | _a(BD-RjUL)49885 | ||
| 040 |
_aDLC _cWSU _dOCL _dUKM _dEQO _dEQO _dBD-RjUL _beng |
||
| 041 | _aeng | ||
| 082 |
_a378.1 _223 _bHAH 1962 |
||
| 100 | 1 |
_aHarris, Seymour Edwin, _d1897-1974 _9132583 |
|
| 245 | 1 | 0 |
_aHigher education : _bresources and finance / _cSeymour E. Harris. |
| 260 |
_aLondon : _bMcGraw-Hill, _c1962. |
||
| 300 |
_axxxviii, 713 p. : _bill. ; _c24 cm. |
||
| 504 | _aIncludes bibliographical references and index. | ||
| 650 | 0 |
_aUniversities and colleges _zUnited States _xFinance. _9132186 |
|
| 942 |
_2ddc _cBK |
||
| 999 |
_c49765 _d49765 |
||